| 000 | 01275naa a22003257a 4500 | ||
|---|---|---|---|
| 001 | BR6010110 | ||
| 003 | BR-BrBNA | ||
| 005 | 20240918173146.0 | ||
| 007 | ta | ||
| 008 | 230509b bl.||||| |||| 00| 0 por d | ||
| 040 |
_aBR-BrBNA _bpor _cBiblioteca Nacional de Agricultura |
||
| 041 | _a(Pt) | ||
| 072 |
_aL00; E15 _b5214 _b9410 _bG514 |
||
| 090 | _aL00 BR6010110 | ||
| 100 | 1 | _aHidembrand, S. | |
| 111 | 1 |
_a1. Congresso Pecuario do Brasil Central _cBarretos, SP (Brazil) _d18 Apr 1941 |
|
| 245 | 1 | _aPossibilidades economicas do leite e seus derivados na exploracao extensiva de bovinos [Producao leiteira; Brasil] | |
| 260 | 3 |
_aSao Paulo, SP (Brasil): _bSociedade Impressora Brasileira - Brusco, _c1942. |
|
| 500 | _aAnais do 1. Congresso Pecuario do Brasil Central Sao Paulo, SP (Brasil): Sociedade Impressora Brasileira - Brusco, 1942. p. 201-207 (BR6010110-AM)L00 | ||
| 650 | _aProducao animal | ||
| 650 | _aMicroeconomia | ||
| 650 | _aGado leiteiro | ||
| 650 | _aLeite | ||
| 650 | _aGado de corte | ||
| 650 | _aProducao leiteira | ||
| 650 | _aEconomia da producao | ||
| 773 | 0 |
_tAnais do 1. Congresso Pecuario do Brasil Central _wL00 BR6010110 _gSao Paulo, SP (Brasil), 1942. p. 201-207 |
|
| 909 |
_a202404 _bLucia _c55 _dLucia Elande |
||
| 942 |
_cAM _2AGRIS |
||
| 999 |
_c303191 _d303191 |
||